Vista normal Vista MARC

Entrada Materia (corporativa)

Número de registros utilizados en: 2

001 - CONTROL NUMBER

  • control field: 157978

003 - CONTROL NUMBER IDENTIFIER

  • control field: Co-BoUCM

005 - DATE AND TIME OF LATEST TRANSACTION

  • control field: 20211110114451.0

008 - FIXED-LENGTH DATA ELEMENTS

  • fixed length control field: 211110|| aca||aabn | a|a d

040 ## - CATALOGING SOURCE

  • Original cataloging agency: Co-BoUCM
  • Transcribing agency: Co-BoUCM

110 ## - HEADING--CORPORATE NAME

  • Corporate name or jurisdiction name as entry element: Colombia.
  • Subordinate unit: Ministerio de Hacienda y Crédito Público.
  • Subordinate unit: Dirección General del Presupuesto General

670 ## - SOURCE DATA FOUND

  • Source citation: Work cat.: (Co-BoUCM)30391: Colombia. Ministerio de Hacienda y Crédito Público. Dirección General del Presupuesto General, Aspectos generales del proceso presupuestal Colombiano, 1999